| 000 | 00511cam a2200181ua 4500 | ||
|---|---|---|---|
| 020 | _c8.40 | ||
| 041 |
_aeng _h |
||
| 082 |
_a513 _bBOW/RO |
||
| 100 | _aBowman, Margaret E . | ||
| 245 |
_aRomance in arithmetic: A history of our currency, weights, measurements and calender / _cMargaret E Bowman. _hTextual Documents |
||
| 250 |
_a3 / _b. |
||
| 260 |
_aLondon : _bUniversity of London Press Ltd , _c1961. |
||
| 300 | _a160 ; . | ||
| 365 | _a8.40 | ||
| 504 | _a | ||
| 942 | _cBK | ||
| 999 |
_c9409 _d9409 |
||